000 00667nam a2200253Ia 4500
005 20260306153744.0
008 008 260114s9999 xx 000 0 eng d
020 _a9789814414609
037 _aEBOOK
040 _aCRL
040 _beng
040 _cCRL
041 _2eng
041 _aeng
084 _qCRL
100 _aCaballero-Anthony/Cook
_91126167
245 0 _aNon-Traditional Security in Asia 1st ed
260 _bISEAS–Yusof Ishak Institute
260 _c2015
650 _aPolitical Science
856 _uhttps://www.cambridge.org/core/product/identifier/9789814414609/type/BOOK
942 _cEBOOK
999 _c1704756
_d1704756